State And Local Government (Record no. 3266)

MARC details
000 -LEADER
fixed length control field 00360nam a22001457a 4500
008 - FIXED-LENGTH DATA ELEMENTS--GENERAL INFORMATION
fixed length control field 250429b |||||||| |||| 00| 0 eng d
020 ## - INTERNATIONAL STANDARD BOOK NUMBER
ISBN 007281697
100 ## - MAIN ENTRY--AUTHOR
Author Stinebrickner Bruce
245 ## - TITLE STATEMENT
Title State And Local Government
250 ## - EDITION STATEMENT
Edition statement 11th
260 ## - PUBLICATION, DISTRIBUTION, ETC. (IMPRINT)
Place of publication Old Whitheld Street
Name of publisher Mc Graw-Hill
Date of publication 2003
300 ## - COLLATION
Pagination 222p.
942 ## - ADDED ENTRY ELEMENTS (KOHA)
Item type Books
050 ## - LIBRARY OF CONGRESS CALL NUMBER
Classification number JS 348
Item number .S75
Holdings
Source of classification or shelving scheme Not for loan Permanent location Current location Date acquired Accession No. Full call number Barcode. Koha item type
Library of Congress Classification   Samuel Ogbemudia Main Library, University of Abuja Samuel Ogbemudia Main Library, University of Abuja 04/29/2025 2006-29601 JS 348.S75 2025-1719 Books